<?xml version="1.0" encoding="UTF-8"?>
<record
    xmlns:xsi="http://www.w3.org/2001/XMLSchema-instance"
    xsi:schemaLocation="http://www.loc.gov/MARC21/slim http://www.loc.gov/standards/marcxml/schema/MARC21slim.xsd"
    xmlns="http://www.loc.gov/MARC21/slim">

  <leader>02719nam a2200361 u 4500</leader>
  <controlfield tag="001">1223670</controlfield>
  <controlfield tag="005">20260508070230.0</controlfield>
  <controlfield tag="007">co|||||||</controlfield>
  <controlfield tag="008">101112s2010                        spa  </controlfield>
  <datafield tag="035" ind1=" " ind2=" ">
    <subfield code="a">1223670</subfield>
  </datafield>
  <datafield tag="040" ind1=" " ind2=" ">
    <subfield code="c">comduadb</subfield>
  </datafield>
  <datafield tag="041" ind1=" " ind2=" ">
    <subfield code="a">spa</subfield>
  </datafield>
  <datafield tag="082" ind1=" " ind2="4">
    <subfield code="a">618</subfield>
  </datafield>
  <datafield tag="100" ind1="1" ind2="0">
    <subfield code="a">Herrera Munera, Diana Maritza</subfield>
    <subfield code="4">aut</subfield>
    <subfield code="e">aut</subfield>
    <subfield code="9">609357</subfield>
  </datafield>
  <datafield tag="245" ind1="1" ind2="3">
    <subfield code="a">La enfermedad granulomatosa cronica (EGC) : generalidades y diagnostico</subfield>
  </datafield>
  <datafield tag="260" ind1=" " ind2=" ">
    <subfield code="a">Medell&#xED;n :</subfield>
    <subfield code="b">Autores (as),</subfield>
    <subfield code="c">2010.</subfield>
  </datafield>
  <datafield tag="300" ind1=" " ind2=" ">
    <subfield code="a">1 CD-ROM</subfield>
  </datafield>
  <datafield tag="520" ind1="3" ind2=" ">
    <subfield code="a">El llamado "Estallido Respiratorio" es llevado a cabo por el complejo enzim&#xE1;tico NADPH oxidasa con la producci&#xF3;n de ani&#xF3;n super&#xF3;xido, que a su vez se convierte en per&#xF3;xido de hidr&#xF3;geno y otras especies reactivas del ox&#xED;geno (EROs). Cuando se presenta alguna alteraci&#xF3;n de los componentes del complejo NADPH oxidasa, se presenta una inmunodeficiencia primaria conocida como Enfermedad Granulomatosa Cr&#xF3;nica (EGC), la cual se manifiesta por infecciones severas a repetici&#xF3;n. Esta enfermedad presenta dos tipos de herencia, una ligada al sexo y otra autos&#xF3;mica recesiva. Para el diagn&#xF3;stico de la EGC se trabajan en conjunto aspectos cl&#xED;nicos y de laboratorio que permiten esclarecer el origen de los defectos bioqu&#xED;micos y gen&#xE9;ticos de la enfermedad. 
Objetivo: Realizar una b&#xFA;squeda bibliogr&#xE1;fica que muestra aspectos actuales de la EGC, haciendo &#xE9;nfasis en el diagn&#xF3;stico cl&#xED;nico, bioqu&#xED;mico y molecular.  
Metodolog&#xED;a Se utilizaron las bases de datos de la Universidad de Antioquia sobre el &#xE1;rea de la salud. Se manejaron filtros de b&#xFA;squeda para seleccionar los art&#xED;culos relacionados con el estudio teniendo en cuenta su  importancia tanto hist&#xF3;rica como acad&#xE9;mica. 
Conclusi&#xF3;n: El diagn&#xF3;stico de la EGC se realiza teniendo en cuenta aspectos cl&#xED;nicos y de laboratorio siguiendo un orden secuencial, el primer paso es identificar y describir las manifestaciones cl&#xED;nicas que nos llevan a sospechar de una inmunodeficiencia primaria, para proseguir con la utilizaci&#xF3;n de pruebas bioqu&#xED;micas y culminando con pruebas moleculares.</subfield>
  </datafield>
  <datafield tag="650" ind1=" " ind2=" ">
    <subfield code="a">Enfermedad granulomatosa cr&#xF3;nica</subfield>
    <subfield code="9">39193</subfield>
  </datafield>
  <datafield tag="650" ind1=" " ind2=" ">
    <subfield code="a">Granulomatosis</subfield>
    <subfield code="9">140046</subfield>
  </datafield>
  <datafield tag="650" ind1=" " ind2=" ">
    <subfield code="a">Per&#xF3;xido de hidr&#xF3;geno</subfield>
    <subfield code="9">59940</subfield>
  </datafield>
  <datafield tag="650" ind1=" " ind2=" ">
    <subfield code="a">Inmunodeficiencias primarias</subfield>
    <subfield code="9">146236</subfield>
  </datafield>
  <datafield tag="650" ind1=" " ind2=" ">
    <subfield code="a">Caracterizaci&#xF3;n gen&#xE9;tica</subfield>
    <subfield code="9">157527</subfield>
  </datafield>
  <datafield tag="650" ind1=" " ind2=" ">
    <subfield code="a">Citometria de flujo</subfield>
    <subfield code="9">91130</subfield>
  </datafield>
  <datafield tag="650" ind1=" " ind2=" ">
    <subfield code="a">NAD(P)H oxidasa</subfield>
  </datafield>
  <datafield tag="700" ind1="1" ind2="0">
    <subfield code="a">Medina Monta&#xF1;o, Carolina</subfield>
    <subfield code="4">aut</subfield>
    <subfield code="e">aut</subfield>
    <subfield code="9">611122</subfield>
  </datafield>
  <datafield tag="700" ind1="1" ind2="0">
    <subfield code="a">Quintero Hurtado, Julio Cesar</subfield>
    <subfield code="4">aut</subfield>
    <subfield code="e">aut</subfield>
    <subfield code="9">599230</subfield>
  </datafield>
  <datafield tag="700" ind1="1" ind2="0">
    <subfield code="a">L&#xF3;pez Quintero, Juan &#xC1;lvaro</subfield>
    <subfield code="4">ths</subfield>
    <subfield code="e">ths</subfield>
    <subfield code="9">263186</subfield>
  </datafield>
  <datafield tag="700" ind1="1" ind2="0">
    <subfield code="a">Arango Rinc&#xF3;n, Juli&#xE1;n Camilo</subfield>
    <subfield code="4">ths</subfield>
    <subfield code="e">ths</subfield>
    <subfield code="9">416713</subfield>
  </datafield>
  <datafield tag="942" ind1=" " ind2=" ">
    <subfield code="c">TESIS</subfield>
  </datafield>
  <datafield tag="999" ind1=" " ind2=" ">
    <subfield code="c">561084</subfield>
    <subfield code="d">561084</subfield>
  </datafield>
  <datafield tag="502" ind1=" " ind2=" ">
    <subfield code="b">17</subfield>
    <subfield code="c">4</subfield>
  </datafield>
  <datafield tag="526" ind1=" " ind2=" ">
    <subfield code="a">17</subfield>
  </datafield>
  <datafield tag="952" ind1=" " ind2=" ">
    <subfield code="0">0</subfield>
    <subfield code="1">0</subfield>
    <subfield code="4">0</subfield>
    <subfield code="7">0</subfield>
    <subfield code="8">TESDIGBC</subfield>
    <subfield code="a">BC</subfield>
    <subfield code="b">BC</subfield>
    <subfield code="d">2010-11-16</subfield>
    <subfield code="e">Material adquirido por donaci&#xF3;n</subfield>
    <subfield code="i">C1102946</subfield>
    <subfield code="l">1</subfield>
    <subfield code="o">618.9297 H565 CD-ROM</subfield>
    <subfield code="p">0751262</subfield>
    <subfield code="r">2025-12-10 15:10:25</subfield>
    <subfield code="s">2025-09-25</subfield>
    <subfield code="t">1</subfield>
    <subfield code="w">2023-04-30</subfield>
    <subfield code="y">DIGITAL</subfield>
  </datafield>
</record>
